000 00437nam a2200145Ia 4500
003 OSt
005 20260227095837.0
008 211028s2019 xx 000 0 und d
040 _cAIMIT LIBRARY
041 _aeng
100 _aPriyadarshini, Sangeetha; Kamatha, T Ramesh.
_g1716172
_98147
245 _aNon-managed customer product penetration at HDFC Bank Bhubaneswar /
260 _aMangalore
_bRowena Wright
_c2019
942 _2ddc
_cPRO
999 _c219715
_d219715